000 00820nam a2200229 i 4500
001 132933
003 ES-MaACL
005 20230906194300.0
007 t|
008 070214s1969 sp r ||||1| spa d
080 _a2-184.3
100 1 _aRoyo Marín, Antonio.
_9100232
245 1 0 _aTeología de la esperanza
_b: respuesta a la angustia existencialista /
_cpor Antonio Royo Marín.
260 _aMadrid :
_b[La Editorial Católica],
_c1969.
300 _a248, [14] p. ;
_c18 cm.
490 1 _aBiblioteca de autores cristianos. Ediciones de bolsillo ;
_v13
650 _aEsperanza-
_xAspectos religiosos.
_912498
830 0 _aBiblioteca de autores cristianos. Ediciones de bolsillo ;
_v13
_9182549
852 _aES-MaACL
_jC-53554
_bR.72818
852 _aES-MaACL
_jE-13480
_xOlim P-1255
999 _c132933
_d132933